| 000 | 01039nam a2200229Ia 4500 | ||
|---|---|---|---|
| 999 |
_c39213 _d39213 |
||
| 001 | 5799 | ||
| 003 | GE_BSU | ||
| 005 | 20190605205613.0 | ||
| 008 | 181216s1980||||ge |||||||||||||| ||geo|| | ||
| 040 | _cGE_BSU | ||
| 041 | _ageo | ||
| 080 | _a744.43(075.8) მ-20 | ||
| 100 |
_aმალანია, ი. _92208 |
||
| 245 |
_aზომების დაწერა კომპლექსურ ნახაზებზე : _bდამხმ. სახელმძღვ. / _cი. მალანია, ა. აგლაძე ; რედ. ზ. სუთიძე. |
||
| 264 |
_aთბილისი : _bგანათლება, _c1980. |
||
| 300 |
_a117 გვ. : _bნახაზ. ; _c22 სმ. |
||
| 504 | _aბიბლიოგრ. : გვ.116. | ||
| 653 | _aზომების დაწერა კომპლექსურ ნახაზებზე | ||
| 700 |
_aაგლაძე, ა. _eავტორი _92209 |
||
| 700 |
_aსუთიძე, ზ. _eრედაქტორი _92210 |
||
| 942 |
_cBK _2udc |
||